000 00390pab a2200145 454500
008 180718b1984 xxu||||| |||| 00| 0 eng d
100 _aChitale, M.P.
245 _aFinanacing industry and business
_bUnion budget proposals, 1984-84
260 _c1984
300 _a507-12
362 _a24 Mar.
650 _aMonopolies - India
773 _aEconomic and Political Weekly
909 _a13737
999 _c13737
_d13737